Europe, a dream in pictures?
Αποθηκεύτηκε σε:
| Άλλοι συγγραφείς: | |
|---|---|
| Μορφή: | Βιβλίο |
| Γλώσσα: | English French |
| Δημοσίευση: |
Paris :
L' Harmattan,
2001.
|
| Θέματα: | |
| Ετικέτες: |
Προσθήκη ετικέτας
Δεν υπάρχουν, Καταχωρήστε ετικέτα πρώτοι!
|
MARC
| LEADER | 00000cam a2200000 i 4500 | ||
|---|---|---|---|
| 001 | 1/42256 | ||
| 008 | 031013s2001 fr | ||| |||| ||eng|| | ||
| 020 | |a 2747517357 | ||
| 035 | |l 10071139 | ||
| 040 | |a GR-MyUa |b gre |e AACR2 | ||
| 041 | 1 | |a eng |h fre | |
| 082 | 7 | |a 809.89282 |2 (22) | |
| 245 | 0 | 0 | |a Europe, a dream in pictures? / |c general editor Jean Perrot ; coordinated by Patricia Pochard ; translated from the french by Andrew Hill. |
| 260 | |a Paris : |b L' Harmattan, |c 2001. | ||
| 300 | |a 191 σ. ; |c 22 εκ. | ||
| 650 | 0 | |a Picture books for children. | |
| 650 | 0 | |a Children |x Books and reading. | |
| 700 | 1 | |a Perrot, Jean, |d 1937- |e edt | |
| 852 | |a INST |b RHODES |e 20031013 |h 809.89282 EUR |p 005400019986 |q 005400019986 |t BK |y 0 | ||
| 901 | |a BIBL4-2003-3 | ||
| 922 | |a 4ΕΛΗ |b 200309 |c ΕΠΕΑΕΚ2/ΤΕΠΑΕΣ |d ΜΙΧΑΛΟΠΟΥΛΟΣ | ||
| 950 | |a 096-2003-06-24 | ||
| 970 | |a ΚΟΥΛΑΚΙΟΤΗ |b ΛΙΤΣΑ |z 2003/10/22 | ||